| 000 | 00423nam a22001457a 4500 | ||
|---|---|---|---|
| 020 | _a0750612762 | ||
| 082 |
_a725.822 _bAPP _cL-39, P-91 |
||
| 100 |
_aAppleton, Ian _945818 |
||
| 245 |
_aBuildings for the performing arts / _cIan Appleton |
||
| 260 |
_aNew Delhi : _bButterworth Architecture Ltd, _c1996. |
||
| 300 | _aviii, 230 p. : | ||
| 526 |
_a0 _b0 _c0 _d725_822000000000000_APP |
||
| 650 |
_aMCE _9379 |
||
| 942 |
_2ddc _cBK |
||
| 999 |
_c549258 _d549258 |
||